कैमरे में सम्पूर्ण क्रांति - 1974 (Record no. 31474)

MARC details
000 -LEADER
fixed length control field 00408nam a22001217a 4500
003 - CONTROL NUMBER IDENTIFIER
control field SGT
082 ## - DEWEY DECIMAL CLASSIFICATION NUMBER
Classification number 080
Item number C15D
100 ## - MAIN ENTRY--PERSONAL NAME
Personal name दूसरे, सत्यनारायण
245 ## - TITLE STATEMENT
Title कैमरे में सम्पूर्ण क्रांति - 1974
260 ## - PUBLICATION, DISTRIBUTION, ETC. (IMPRINT)
Name of publisher, distributor, etc जे. पि. छायाचित्र प्रकाशन समिति
Year of Publication 2015
300 ## - PAGE DESCRIPTION
No. of Pages 356
942 ## - ADDED ENTRY ELEMENTS (KOHA)
Source of classification or shelving scheme Dewey Decimal Classification
Koha item type Books
Holdings
Withdrawn status Lost status Source of classification or shelving scheme Damaged status Not for loan Home library Current library Shelving location Date acquired SGTU Total Checkouts Full call number Accession No. (Barcode) Date last seen Bill Date Koha item type
    Dewey Decimal Classification   Not For Loan SGT Chancellor's Library SGT Chancellor's Library Reference Book 17/06/2025 SGTU   080 C15D CH3481 17/06/2025 17/06/2025 Books